| 000 | 00600nam a22001933a 4500 | ||
|---|---|---|---|
| 005 | 20240910063920.0 | ||
| 008 | 010531s1997 mx fr 000 0 spa d | ||
| 020 | _a9681654595 | ||
| 035 | _aUPN01000116886 | ||
| 049 | _aI | ||
| 050 | 4 |
_aPZ33 _bH3.38 |
|
| 100 | 1 | _aHasler, Eveline | |
| 245 | 1 | 3 |
_aLa escuela vuela / _cEveline Hasler ; il. de Juan Gedovius ; tr. de Ana Garralón. |
| 260 |
_aMéxico : _bFCE, _c1997. |
||
| 300 |
_a38 p. : _bil. |
||
| 440 | 0 |
_aA la orilla del viento. _pPara los que están aprendiendo a leer ; _v92 |
|
| 650 | 4 |
_aCuentos infantiles alemanes _98589 |
|
| 905 | _aInfantil | ||
| 999 |
_c89528 _d89528 |
||